000 00882nam a22002417a 4500
003 OSt
005 20260416114242.0
008 260416b |||||||| |||| 00| 0 eng d
037 _cThesis
040 _aFEDL
_beng
_cFEDL
041 _aeng
_heng
082 _a371.97 MAO/TH
100 _aMao, Akha Kaihrii
_91234937
110 _aUniversity of Delhi. Department of Education
245 _aMorung among the nagas:
_bEncounter of traditional education with colonialism and christianity/
_cby Akha Kaihrii Mao; Supervised by Ritu Bala and Shyam B. Menon.
260 _aUniversity of Delhi
_c2025
300 _a337p.
650 _aEDUCATION- SCHEDULED CASTE/ SCHEDULED TRIBES
_91234938
700 _aRitu Bala. Superviser
_91234939
700 _aMenon, Shyam M. Superviser
_91234940
942 _2ddc
_cTH
_h371.97 MAO/TH
_n0
999 _c1848282
_d1848282